000 00502nam a2200193Ia 4500
005 20250603145004.0
008 250603s9999 xx 000 0 und d
020 _a9783748750
050 _aHJ 2291.N6 .S69/
100 _aOyo, Seyi
245 0 _aFundamental principles of Nigerian tax (evidenced in 267 questions and sugested solutions)
250 _a2nd ed.
260 _aLagos
260 _bSagribra Tax Publications
260 _c2003
300 _a788 p
650 _aLagos
942 _cBK
999 _c40542
_d40542